书目信息 |
| 题名: |
科学技术研究方法
|
|
| 作者: | 水蕴华 主编 | |
| 分册: | ||
| 出版信息: | 西安 西北工业大学出版社 1988.08 |
|
| 页数: | 294页 | |
| 开本: | 32开 | |
| 丛书名: | ||
| 单 册: | ||
| 中图分类: | N3-43 | |
| 科图分类: | ||
| 主题词: | 自然科学--研究方法 | |
| 电子资源: | ||
| ISBN: | 7-5612-0083-8 | |
| 000 | 00563nam0 2200193 45 | |
| 001 | 0006201538 | |
| 005 | 20000620154918.3 | |
| 010 | @a7-5612-0083-8@d1.60元 | |
| 100 | @a20000620d1988 km y0chiy0120 ea | |
| 101 | 0 | @achi |
| 105 | @a z 000yy | |
| 200 | 1 | @a科学技术研究方法@AKe Xue Ji Shu Yan Jiu Fang Fa@f水蕴华主编@FShui Yun Hua Zhu Bian |
| 210 | @a西安@c西北工业大学出版社@d1988.08 | |
| 215 | @a294页@d32开 | |
| 606 | 0 | @a自然科学@x研究方法 |
| 690 | @aN3-43@v3 | |
| 701 | 0 | @a水蕴华@4主编 |
| 801 | @aCN@bPftUser@c20000620 | |
| 905 | @b209608@dN3-43@eSH335@f1 | |
| 科学技术研究方法/水蕴华主编.-西安:西北工业大学出版社,1988.08 |
| 294页;32开 |
| ISBN 7-5612-0083-8:1.60元 |
| ● |
| 相关链接 |
|
|
|
正题名:科学技术研究方法
索取号:N3-43/SH335
 
预约/预借
| 序号 | 登录号 | 条形码 | 馆藏地/架位号 | 状态 | 备注 |
| 1 | 209608 | 202096089 | 自科库401/409社科库 120排1列6层/ [索取号:N3-43/SH335] | 在馆 |